000 00507nam a22001817a 4500
005 20150107104619.0
010 _aENG-111513
020 _a9788174878601
_c495.00
035 _aEN-95045
037 _bDBAD/PUB
082 _aN
100 _aJagdish Prasad Singh
245 _aThe insider :
_cby Jagdish Prasad Singh
_ba novel /
260 _aNew Delhi
_bRadha Publications
_c2013
270 _a4231/1,Ansari Road,Daryaganj
_b New Delhi
_e110002
300 _a192p. :
_c22cm(pbk)
942 _2ddc
_cEN
_mJAG
_hN
999 _c90575
_d90575